000 00993nam a22003137a 4500
003 CHAP
005 20220329133754.0
008 971013s1976 r 00010 d
010 _a10651
011 _a11623
035 _a10862
040 _cCHAP
090 _aTesis
100 0 0 _aAdame Jenkins, Patricia.
_9830
245 _aMiopatía degenerativa nutricional en becerros
260 _aMéxico, D.F. :
_bEl autor,
_c1976
300 _a42 h.
_b: ilus.
502 _aTesis (Médico Veterinario Zootecnista) -- UNAM. Fac. de Medicina Veterinaria y Zootecnia
590 _aALEPH
_b10
_c20130110
_lUCH01
_h1227
590 _aBATCH-UPD
_b10
_c20130110
_lUCH01
_h1610
590 _aBATCH-UPD
_b10
_c20130410
_lUCH01
_h1006
590 _aBATCH-UPD
_b10
_c20130914
_lUCH01
_h0551
590 _aCONVERSION
_b10
_c20130109
_lUCH01
_h1307
650 1 4 _aBecerros
_xEnfermedades.
_911179
650 1 4 _aDesnutrición.
_932165
901 _aBK
942 _cTESIS
949 _bBC
_cTES
_d-22828
_eTS1
_i10862
_si
999 _c10651
_d10651